000 00428nam a2200145Ia 4500
005 20260303124352.0
022 _a3049- 1630
050 _aHD9672. I58
245 _aInternational Journal of Pharmacognosy and Herbal Drug Technology
250 _aVol. 02 No. 07
260 _aIndia
_bAKT Publication
_c2025
300 _a62 p. : ill. ; 28 cm.
650 _aPharmaceutical industry--India Herb industry--India
942 _cSR
_2lcc
999 _c37379
_d37379